Welcome to the Holygrace Academy Library

Please use search bar below to get started

NANCY DREW AND THE CLUE CREW - THE PUMPKIN PATCH PUZZLE (Record no. 7908)

MARC details
000 -LEADER
fixed length control field 01097nam a22001457a 4500
020 ## - INTERNATIONAL STANDARD BOOK NUMBER
ISBN 978-1-4169-9465-7
082 ## - DEWEY DECIMAL CLASSIFICATION NUMBER
Classification number 823
Item number KEE/N
100 ## - MAIN ENTRY--AUTHOR NAME
Personal name KEENE, CAROLYN
245 ## - TITLE STATEMENT
Title NANCY DREW AND THE CLUE CREW - THE PUMPKIN PATCH PUZZLE
260 ## - PUBLICATION, DISTRIBUTION, ETC. (IMPRINT)
Place of publication NEW YORK
Name of publisher ALADDIN PAPERBACKS
Year of publication 2012
300 ## - PHYSICAL DESCRIPTION
Number of Pages 91
520 ## - SUMMARY, ETC.
Summary, etc When the plans for the annual pumpkin decorating contest are smashed, Nancy Drew and the Clue Crew are on the hunt for a Fall Festival felon.It’s autumn in River Heights, and that means it’s time for the annual Fall Festival! Nancy, Bess, and George are excited for a whole week of games, rides, delicious treats, and the famous pumpkin-decorating contest. They are all participating for the first time this year! But the day the girls are set to compete, all the designs for the contest are stolen and the decorating supplies are destroyed. If the culprit doesn’t come forward, the contest will be canceled—and a River Heights tradition will be ruined. It’s up to Nancy and the Clue Crew to solve this pumpkin patch mystery!
650 ## - SUBJECT ADDED ENTRY--TOPICAL TERM
Topical Term MYSTERY
Geographic subdivision UNITED STATES
942 ## - ADDED ENTRY ELEMENTS (KOHA)
Koha item type Books
Holdings
Withdrawn status Lost status Collection code Home library Current library Shelving location Date acquired Source of acquisition Cost, normal purchase price Full call number Accession Number Koha item type
    Fiction Main Library Main Library NEW SHELF WITH NEW ENTRY 12/12/2023 purchase 150.00 823 KEE/N 13513 Books